000 00386nam a22001451a 4500
082 _aM3
_bRAM/K
100 _aRamakrishnan T K
245 _aKallile theepporikal/
_cby Ramakrishnan T K
260 _aKottayam:
_bSahitya Pravartaka Co-operative Society,
_c1999.
300 _a131p.
650 _aNovel Malayalam
650 _aLiterature Malayalam
650 _aLiterature
942 _cBK
999 _c22642
_d22642